مكتبة جامعة عجلون الوطنية

فهرس بحث المكتبة

جرش في عيون الجغرافيين والرحالة العرب والأجانب: دراسة في الثراث الجغرافي = In the eyes of geographers and travelers Arabs and forigners: A study in Geographical Heritage (Record no. 29014)

MARC details
000 -LEADER
fixed length control field 00997nam a2200217Ii 4500
003 - CONTROL NUMBER IDENTIFIER
control field JO-AjNU
008 - FIXED-LENGTH DATA ELEMENTS--GENERAL INFORMATION
fixed length control field 230605s9999||||xx |||||||||||||| ||und||
017 ## - COPYRIGHT OR LEGAL DEPOSIT NUMBER
Copyright or legal deposit number 2015/3/941
020 ## - INTERNATIONAL STANDARD BOOK NUMBER
International Standard Book Number 978-9957-49-184-0
040 ## - CATALOGING SOURCE
Original cataloging agency JO-AjNU
Language of cataloging ara
Description conventions rda
Transcribing agency JO-AjNU
041 ## - LANGUAGE CODE
Language code of text/sound track or separate title ara
050 14 - LIBRARY OF CONGRESS CALL NUMBER
Classification number DS219.G4252 2015
100 3# - MAIN ENTRY--PERSONAL NAME
Personal name الغرايبة، خليف مصطفى,
Relator term author
9 (RLIN) 56859
245 00 - TITLE STATEMENT
Title جرش في عيون الجغرافيين والرحالة العرب والأجانب: دراسة في الثراث الجغرافي = In the eyes of geographers and travelers Arabs and forigners: A study in Geographical Heritage
264 31 - PRODUCTION, PUBLICATION, DISTRIBUTION, MANUFACTURE, AND COPYRIGHT NOTICE
Place of production, publication, distribution, manufacture عمان: وزارة الثقافة، 2015
300 ## - PHYSICAL DESCRIPTION
Extent 213ص
Other physical details اصدارات جرش مدينة الثقافة الاردنية، 2015
336 ## - CONTENT TYPE
Content type term text
Content type code txt
Source rdacontent
337 ## - MEDIA TYPE
Media type term unmediated
Media type code n
Source rdamedia
338 ## - CARRIER TYPE
Carrier type term volume
Carrier type code nc
Source rdacarrier
650 #4 - SUBJECT ADDED ENTRY--TOPICAL TERM
Topical term or geographic name entry element جرش - الاردن - قديما وحديثا- اثار - الرحلات - تاريخ
9 (RLIN) 56860
Holdings
Withdrawn status Lost status Source of classification or shelving scheme Damaged status Not for loan Home library Current library Shelving location Date acquired Total Checkouts Full call number Barcode Date last seen Price effective from Koha item type
    Library of Congress Classification     مكتبة جامعة عجلون الوطنية مكتبة جامعة عجلون الوطنية المجموعات العامة 06/06/2023   DS219.G4252 2015 A25446 06/06/2023 06/06/2023 Books